1686 1457 1709 1437 1415 1187 1755 1922 1250 1082 1595 1103 1527 1340 1540 1414 1116 1657 1506 1899 1634 1129 1585 1174 1776 1981 1299 1767 1896 1291 1268 1662 1577 1208 1413 1003 1193 1434 1184 1614 1865 1330 1678 1990 1204 1009 1987 1857 1990 1646 1171 1450 1783 1142 1492 1927 1351 1520 1354 1602 1791 1031 1282 1339 1953 1675 1635 1489 1008 1384 1388 1858 1568 1768 1888 1482 1981 1454 1402 1534 1779 1479 1332 1832 1599 1841 1527 1726 1075 1018 1863 1641 1013 1105 1890 1770 1847 1082 1216 BCNSPRNW ULIB Ver.6.0+V

เปลี่ยนเป็นภาษาไทย

Change to English
 แสดงรายละเอียดบรรณานุกรม
  กลับหน้าหลัก

Brief Record : Get Marc (ISO 2709) : E-mail record : QR code < ปิดหน้าต่าง
LEADER : 00000nam 2200000uu 4500
001    13399112783
003     ULIB
008    110908s2546||||th 000 0 tha d
050  4 LB1778^bท125ช 2546
100 0  วรเดช จันทรศร
245 10 ธนาคารเกณฑ์มาตรฐาน /^cวรเดช จันทรศร
250    พิมพ์ครั้งที่ 1
260    กรุงเทพฯ :^bสำนักงานปลัดทบวงมหาวิทยาลัย,^c2546
300    ก-ฉ, 263 หน้า :^c29 ซม.
650  4 การศึกษาขั้นอุดมศึกษา^zไทย^xมาตรฐาน
650  4 การศึกษาขั้นอุดมศึกษา^xหลักสูตร^xมาตรฐาน^zไทย
650  4 การศึกษาขั้นอุดมศึกษา^xการประเมิน^xมาตรฐาน
650  4 งบประมาณการศึกษา^xมาตรฐาน^zไทย
650  4 ประกันคุณภาพการศึกษาระดับอุดมศึกษา^xมาตรฐาน^zไทย
650  4 สถาบันอุดมศึกษา^xมาตรฐาน^zไทย^xการเงิน สถาบันอุดมศึกษา^xมาตรฐาน^zไทย^xการบริหาร
650  4 ประกันคุณภาพการศึกษาระดับอุดมศึกษา^xมาตรฐาน^zไทย
650  4 สถาบันอุดมศึกษา^xมาตรฐาน^zไทย^xการเงิน
650  4 อาจารย์มหาวิทยาลัย^xมาตรฐาน^zไทย
650  4 ห้องสมุดสถาบันอุดมศึกษา^xมาตรฐาน^zไทย
945    ^p0^l0^i015822
945    ^p0^l0^i016041
995    ทศพร
999 ^a ทศพร
รายการนี้ยังไม่มีแท็ก
คุณยังไม่ได้ล็อกอิน คุณสามารถมีกิจกรรมร่วมกับเว็บไซต์ได้ แต่ต้องล็อกอินก่อน ::
  ล็อกอิน

รายการสื่อสารสนเทศ

ลำดับที่ ประเภท เลขเรียก/บาร์โค้ด สถานที่ สถานะ
- ไม่พบข้อมูล -

BibComment


ยังไม่เคยถูกคอมเมนท์

คอมเมนท์ทรัพยากรรายการนี้
  คอมเมนท์: ธนาคารเกณฑ์มาตรฐา..


 Copyright 2026. Bcnsprnw @Library